|
|
|
|
| LEADER |
00924cam a2200229 7i4500 |
| 001 |
0000042505 |
| 005 |
20151104090000.0 |
| 005 |
##20151104153000.0 |
| 002 |
##000002715 |
| 003 |
##MY-KlINT |
| 008 |
151104 00010 eng |
| 020 |
# |
# |
|a 0821317431
|
| 039 |
# |
9 |
|y 201511041530
|z VLOAD
|
| 090 |
0 |
0 |
|a 332.1532 WEB
|
| 100 |
1 |
# |
|a Webster, Leila
|
| 245 |
0 |
0 |
|a World bank lending for small and medium enterprises :
|b fifteen years of experience /
|c Leila Webster.
|
| 260 |
# |
# |
|a Washington D.C:
|b The World Bank,
|c 1991.
|
| 300 |
# |
# |
|a 77 p;
|c 28cm.
|
| 505 |
0 |
# |
|a The review evaluates the performance of 70 SME projects in 36 countries. The projects reviewed incoprated US$3.2 billion in World Bank lending, spanning the period from FY1973, when SME lending was initiated in the bank, through FY1989.
|
| 650 |
# |
0 |
|a World Bank
|
| 650 |
# |
0 |
|a Loan --
|x Developing countries
|
| 650 |
# |
0 |
|a Small busines --
|x Developing countrie --
|x Finance
|